MARC

LEADER 00000naa0a2200000 4500
001 638975
005 20250211113252.0
035 |a (RuTPU)RU\TPU\network\3372 
035 |a RU\TPU\network\47 
090 |a 638975 
100 |a 20150217d2012 k||y0rusy50 ca 
101 0 |a rus 
102 |a RU 
135 |a drcn ---uucaa 
181 0 |a i  
182 0 |a b 
200 1 |a Плотность вероятности срыва градиентного слежения  |f В. С. Деева  |g науч. рук. С. М. Слободян 
203 |a Текст  |c электронный 
225 1 |a Информатика. Прикладная математика, математическое моделирование, информационная безопасность 
300 |a Заглавие с экрана 
463 |t Молодёжь и наука  |o сборник материалов VIII Всероссийской научно-технической конференции, посвящённой 155-летию со дня рождения К.Э. Циолковского, Красноярск, 19-27 апреля 2012 г.  |f Сибирский федеральный университет (СФУ)  |v [2 с.]  |d 2012 
610 1 |a электронный ресурс 
610 1 |a труды учёных ТПУ 
610 1 |a следящие системы 
610 1 |a автоматические измерительные устройства 
610 1 |a системы диагностики 
700 1 |a Деева  |b В. С.  |c специалист в области электротехники  |c специалист по учебно-методической работе Томского политехнического университета, ассистент  |f 1973-  |g Вера Степановна  |3 (RuTPU)RU\TPU\pers\30562 
702 1 |a Слободян  |b С. М.  |c специалист в области электроэнергетики  |c профессор Томского политехнического университета, доктор технических наук  |f 1946-  |g Степан Михайлович  |3 (RuTPU)RU\TPU\pers\25829  |4 727 
712 0 2 |a Национальный исследовательский Томский политехнический университет (ТПУ)  |b Институт природных ресурсов (ИПР)  |b Кафедра геологии и разработки нефтяных месторождений (ГРНМ)  |3 (RuTPU)RU\TPU\col\18657 
801 2 |a RU  |b 63413507  |c 20150218  |g RCR 
856 4 |u http://conf.sfu-kras.ru/sites/mn2012/thesis/s012/s012-003.pdf 
856 4 |u http://conf.sfu-kras.ru/sites/mn2012/section12.html 
942 |c CF